Miery rizika v poistení motorových vozidiel diplomová práca

Uložené v:
Podrobná bibliografia
Hlavný autor: Suchanský, Martin
Korporativný autor: Fakulta hospodárskej informatiky EU. Katedra matematiky
Ďalší autori: Horáková, Galina
Médium: Kniha
Jazyk:Slovak
Vydavateľské údaje: Bratislava 2014
Tagy: Pridať tag
Žiadne tagy, Buďte prvý, kto otaguje tento záznam!

MARC

LEADER 00000nbm a2200000 4500
001 0188560
005 20170201104333.8
041 0 |a slo 
044 |a SK 
245 1 0 |a Miery rizika v poistení motorových vozidiel  |b diplomová práca  |c Martin Suchanský ; školiteľ: Galina Horáková 
264 1 |a Bratislava  |c 2014 
300 |a 81 s. 
100 1 |a Suchanský, Martin 
700 1 |a Horáková, Galina 
710 2 |a Fakulta hospodárskej informatiky EU. Katedra matematiky